On a variational problem for soap films with gravity and partially free boundary /
Shranjeno v:
| Glavni avtor: | |
|---|---|
| Drugi avtorji: | |
| Format: | Bài viết |
| Jezik: | English |
| Teme: | |
| Oznake: |
Označite
Brez oznak, prvi označite!
|
| Thư viện lưu trữ: | Thư viện Trường Đại học Đà Lạt |
|---|
| LEADER | 00917nam a2200301 4500 | ||
|---|---|---|---|
| 001 | DLU090079140 | ||
| 005 | ##20090608 | ||
| 040 | # | # | |a DLU |b eng |
| 041 | # | # | |a eng |
| 044 | # | # | |a JP |
| 100 | # | # | |a Koiso, Miyuki. |
| 245 | # | # | |a On a variational problem for soap films with gravity and partially free boundary / |c Miyuki Koiso, Bennett Palmer. |
| 653 | # | # | |a Critical point |
| 653 | # | # | |a Free boundary |
| 653 | # | # | |a Gravitational energy |
| 653 | # | # | |a Soap film |
| 653 | # | # | |a Variational problem |
| 700 | # | # | |a Palmer, Bennett. |
| 773 | # | # | |t Journal of the Mathematical Society of Japan |g Vol. 57, no. 2 (April 2005), p. 333-355 |
| 920 | # | # | |a Phòng Tạp chí -- Trung tâm Thông tin - Thư viện Trường Đại học Đà Lạt |
| 994 | # | # | |a DLU |
| 900 | # | # | |a True |
| 911 | # | # | |a Trương Bảo Trâm Anh |
| 925 | # | # | |a G |
| 926 | # | # | |a A |
| 927 | # | # | |a BB |
| 980 | # | # | |a Thư viện Trường Đại học Đà Lạt |